Catalog

Record Details

Catalog Search



Available copies

  • 1 of 1 copy available at LARL/NWRL Consortium.

Current holds

0 current holds with 1 total copy.

Show All Copies
Location Call Number / Copy Notes Barcode Shelving Location Status Due Date
Roseau Public Library ya WAT (Text) 35500003564620 Main Available -

Record details

  • ISBN: 1591165636 (pbk.)
  • Physical Description: 185 p. : ill. ; 19 cm.
  • Publisher: San Francisco, Calif. : Viz, 2004.

Content descriptions

General Note:
"Shonen Jump graphic novel."
"This book reads from right to left"--P. [4] of cover.
Subject: Swordsmen > Japan > Comic books, strips, etc.
Genre: Graphic novels.
LDR 01046nam a2200301Ia 4500
00157043
003LARL_NWRL_CONSORTIUM
00520050225172142.0
008041110s2004 caua 000 c eng d
020 . ‡a1591165636 (pbk.)
035 . ‡a(OCoLC)56949660
0411 . ‡aeng ‡hjpn
043 . ‡aa-ja---
08204. ‡a741.5/952 ‡222
1001 . ‡aWatsuki, Nobuhiro. ‡0(LARL_NWRL_CONSORTIUM)208847
24510. ‡aRurouni Kenshin ‡n#8 / ‡cstory and art by Nobuhiro Warsuki.
2463 . ‡aOn the east sea road ‡n#8
2463 . ‡aMeiji swordsman romantic story ‡n#8
260 . ‡aSan Francisco, Calif. : ‡bViz, ‡c2004.
300 . ‡a185 p. : ‡bill. ; ‡c19 cm.
4900 . ‡aRurouni Kenshin; ‡v8
500 . ‡a"Shonen Jump graphic novel."
500 . ‡a"This book reads from right to left"--P. [4] of cover.
650 0. ‡aSwordsmen ‡zJapan ‡vComic books, strips, etc.
655 0. ‡aGraphic novels.
901 . ‡a57043 ‡bOCLC ‡c57043 ‡tbiblio

Additional Resources